|
|
|
|
| LEADER |
02125nam a22004692i 4500 |
| 001 |
000410011 |
| 003 |
CZ BrMZK |
| 005 |
20220131082808.0 |
| 007 |
ta |
| 008 |
030724s1906 au f |||| 0 lat d |
| 035 |
|
|
|a (OCoLC)863551
|
| 040 |
|
|
|a GyGoGBV
|b cze
|d ABD001
|d BOA001
|e rda
|
| 045 |
|
|
|a i-j-
|
| 072 |
|
7 |
|a 821-97
|x Náboženská literatura. Duchovní literatura
|2 Konspekt
|9 25
|
| 100 |
1 |
|
|a Boëthius, Anitius Manlius Torquatus Severinus,
|d asi 480-524
|7 jn19981000321
|4 aut
|
| 240 |
1 |
0 |
|a Anicii Manlii Severini Boethii In Isagogen Porphyrii commenta
|
| 245 |
1 |
0 |
|a Anicii Manlii Severini Boethii In Isagogen Porphyrii commenta /
|c copiis a Georgio Schepss comparatis ... rec. Samuel Brandt
|
| 246 |
3 |
0 |
|a In Isagogen Porphyrii commenta
|
| 246 |
3 |
0 |
|a Anicii Manlii Severini Boethii Opera
|
| 264 |
|
1 |
|a Vindobonae :
|b F. Tempsky ;
|a Lipsiae :
|b G. Freytag,
|c 1906
|
| 300 |
|
|
|a lxxxvi, 423 stran
|
| 336 |
|
|
|a text
|b txt
|2 rdacontent
|
| 337 |
|
|
|a bez média
|b n
|2 rdamedia
|
| 338 |
|
|
|a svazek
|b nc
|2 rdacarrier
|
| 490 |
1 |
|
|a Anicii Manlii Severini Boethii Operum Pars ...
|v / copiis a Georgio Schepss comparatis suisque usus. Rec. Samuel Brandt ; Ps. 1
|
| 490 |
1 |
|
|a Corpus scriptorum ecclesiasticorum Latinorum ;
|v 48
|
| 500 |
|
|
|a Rejstřík na s. [349]-423
|
| 650 |
0 |
4 |
|a římská filozofie
|y 5. stol.
|y 6 .stol.
|
| 650 |
0 |
4 |
|a římští spisovatelé
|y 5. stol.
|y 6. stol.
|
| 650 |
0 |
4 |
|a římská literatura
|y 5. stol.
|y 6. stol.
|
| 650 |
0 |
4 |
|a římská rétorika
|y 5. stol.
|y 6. stol.
|
| 650 |
0 |
7 |
|a křesťanští světci
|7 ph115082
|2 czenas
|
| 700 |
1 |
|
|a Brandt, Samuel,
|d 1848-1938
|7 jx20111111010
|4 edt
|
| 700 |
1 |
|
|a Schepss, Georg,
|d 1852-1897
|4 ctb
|
| 710 |
2 |
|
|a Kaiserl. Akademie der Wissenschaften in Wien
|7 ko2007248531
|4 edt
|
| 830 |
|
0 |
|a Corpus scriptorum ecclesiasticorum Latinorum
|
| 830 |
|
0 |
|a CSEL
|
| 856 |
4 |
1 |
|u http://digitool.is.cuni.cz/R/?func=dbin-jump-full&object_id=333827
|y Zobrazení plného textu (Digitální archiv UK)
|4 N
|
| 910 |
|
|
|a BOA001
|b 2-0051.290,48
|
| 990 |
|
|
|a BK
|
| 993 |
|
|
|a Y
|
| 996 |
6 |
|
|b 2619770415
|c 2-0051.290,48
|l MZK
|r Sklad / do 24 hodin
|n 1
|w 000410011
|u 000010
|a 1
|e BOA001
|j MZK50
|s P
|